Port Economics, Management and Policy. (Record no. 3011)

000 -LEADER
fixed length control field 02191cam a2200337Ki 4500
006 - FIXED-LENGTH DATA ELEMENTS--ADDITIONAL MATERIAL CHARACTERISTICS--GENERAL INFORMATION
fixed length control field m o d
007 - PHYSICAL DESCRIPTION FIXED FIELD--GENERAL INFORMATION
fixed length control field cr cnu|||unuuu
008 - FIXED-LENGTH DATA ELEMENTS--GENERAL INFORMATION
fixed length control field 211007s2022 xx eo 000 0 eng d
020 ## - INTERNATIONAL STANDARD BOOK NUMBER
International Standard Book Number 9780429318184
Qualifying information (ebk.)
040 ## - CATALOGING SOURCE
Original cataloging agency IMU Kochi Library
Language of cataloging eng
040 ## - CATALOGING SOURCE
Original cataloging agency IMU Kochi Library
Language of cataloging eng
041 0# - LANGUAGE CODE
Language code of text/sound track or separate title eng
082 04 - DEWEY DECIMAL CLASSIFICATION NUMBER
Classification number 387.1
Edition number 23
100 1# - MAIN ENTRY--PERSONAL NAME
Personal name Notteboom, Theo.
245 10 - TITLE STATEMENT
Title Port Economics, Management and Policy.
250 ## - EDITION STATEMENT
Edition statement First edition.
260 ## - PUBLICATION, DISTRIBUTION, ETC. (IMPRINT)
Place of publication, distribution, etc New York :
Name of publisher, distributor, etc Routledge,
Date of publication, distribution, etc 2022
300 ## - PHYSICAL DESCRIPTION
Extent 1 online resource (592 pages).
505 0# - FORMATTED CONTENTS NOTE
Formatted contents note IntroductionI. Ports & Maritime ShippingII. Contemporary PortsIII. Port TerminalsIV. Port GovernanceV. Port CompetitionVI. Port PerformanceVII. Port Policies & DevelopmentVIII. Port Markets
520 ## - SUMMARY, ETC.
Summary, etc Port Economics, Management and Policy provides a comprehensive analysis of the contemporary port industry, showing how ports are organized to serve the global economy and support regional and local development. Structured in nine sections, this textbook examines a wide range of seaport topics, covering maritime shipping and international trade, port terminals, port governance, port competition, port policy and much more. Key features of the book include its: ⁰́Ø Multidisciplinary perspective, drawing on economics, geography, management science and engineering ⁰́Ø Multisector analysis including containers, bulk, break-bulk and the cruise industry ⁰́Ø Focus on the latest industry trends, such as supply chain management, automation, digitalization and sustainability Benefitting from the authors⁰́₉ extensive involvement in shaping the port sector across five continents, this text provides students and scholars with a valuable resource on ports and maritime transport systems. Practitioners and policymakers can also use this as an essential guide towards better port management and governance.
650 #0 - SUBJECT ADDED ENTRY--TOPICAL TERM
Topical term or geographic name as entry element Harbors
General subdivision Economic aspects.
650 #0 - SUBJECT ADDED ENTRY--TOPICAL TERM
Topical term or geographic name as entry element Shipping.
650 #0 - SUBJECT ADDED ENTRY--TOPICAL TERM
Topical term or geographic name as entry element Transportation.
700 1# - ADDED ENTRY--PERSONAL NAME
Personal name Pallis, Athanasios A.
700 1# - ADDED ENTRY--PERSONAL NAME
Personal name Rodrigue, Jean-Paul,
Dates associated with a name 1967-
852 ## - LOCATION/CALL NUMBER
Location IMU Kochi Library
856 40 - ELECTRONIC LOCATION AND ACCESS
Uniform Resource Identifier <a href="https://www.taylorfrancis.com/books/9780429318184">https://www.taylorfrancis.com/books/9780429318184</a>
904 ## - LOCAL DATA ELEMENT D, LDD (RLIN)
CATALOGER Rudra Ranjan
905 ## - LOCAL DATA ELEMENT E, LDE (RLIN)
VERIFIER Rudra Ranjan
942 ## - ADDED ENTRY ELEMENTS (KOHA)
Item type E-Book

No items available.



Copyright © All Rights Reserved by Indian Maritime University, Kochi Campus.
For any Suggestions/Query Contact to library or Email: library.kochi@imu.ac.in Ph:(0484)-2989402
(Web OPAC Designed by Rudra Ranjan. Maintained by IMU Kochi Library)

Powered by Koha